Statistics for Game of Thrones Season 1

Click here to take the quiz!

General Stats

  • This quiz has been taken 1,205 times
  • The average score is 18 of 21

Answer Stats

HintAnswer% Correct
What is the name of Ned Starks bastard?Jon Snow
98%
Who is thrown from a tower by Jaime Lannister because of something he witnessed?Bran Stark
96%
Who is beheaded for treason by King Joffrey?Lord Eddard "Ned" Stark
95%
Who is the actual father of Joffrey, Myrcella and Tommen?Jaime Lannister
93%
Who is Daenerys Targaryen forced to marry so her brother can gain his army?Khal Drogo
93%
Who is the King at the beginning of the series?King Robert Baratheon
93%
What is the nickname of Petyr Baelish?Littlefinger
93%
What is adopted by the Stark children, one for each of themDirewolf Puppies
92%
What does Arya call her sword that is given to her by Jon Snow?Needle
92%
What animal kills ^^^ during a hunting "accident"?A Boar
91%
What animal represents House LannisterA Lion
91%
Who does Catelyn capture for the suspected attempted murder of her son Bran?Tyrion Lannister
88%
What are the words of House Stark?Winter is Coming
88%
What ancient order does Jon Snow join when his father heads to Kings Landing to be Hand of the King?The Night's Watch
86%
Who is the "Master of Whispers"Varys
83%
Who/ what kills the asassain sent to kill Bran Stark?Summer
82%
Who fights for Tyrion in his Trial by Combat?Bronn
81%
Who received a "Crown for a King"Viserys Targaryen
73%
Whos death essentailly starts the chain of events for the series?Lord Jon Arryn
72%
Who defeats Gregor Clegane (The Mountain) in a joust at the Hands Tournament?Ser Loras Tyrell
70%
Who is the ward of the Starks?Theon Greyjoy
68%

Score Distribution

Percentile by Number Answered

Percent of People with Each Score

Your Score History

You have not taken this quiz